Populous Countries - Europe Map Sudden Death - Statistics

General Stats
  • This quiz has been taken 7,014 times
  • The average score is 23 of 28
Answers on the Grid
Answers color-coded by a green-red scale on the quiz's grid according to % correct below.
 
Answer Stats
Answer % Correct
Belgium, France, Ireland, United Kingdom
97%
Ireland, United Kingdom
94%
Austria, Belgium, Czechia, France, Germany, Italy, Liechtenstein, Luxembourg, Netherlands, Switzerland
93%
Andorra, France, Spain
92%
Austria, France, Italy, Monaco, San Marino, Spain, Switzerland, Vatican City
92%
Austria, Czechia, Germany, Hungary, Poland, Romania, Slovakia, Slovenia
89%
Albania, Austria, Bosnia and Herzegovina, Croatia, Greece, Hungary, Italy, Kosovo, Montenegro, North Macedonia, Romania, Serbia, Slovenia
88%
(Algeria), (Morocco), Spain
88%
Denmark, Estonia, Germany, Latvia, Lithuania, Poland, Russia, Sweden
86%
Belarus, Estonia, Latvia, Lithuania, Poland, Russia
86%
Belarus, Russia
86%
Belarus, Russia, Ukraine
86%
Denmark, Germany, Netherlands, Norway, Sweden
85%
Bulgaria, Greece, Kosovo, Moldova, Romania, Serbia, (Turkey), Ukraine
84%
Belarus, Hungary, Moldova, Poland, Romania, Russia, Slovakia, Ukraine
83%
Portugal, Spain
82%
(Morocco), Portugal, Spain
82%
Albania, Greece, Italy, Malta
82%
Greece, (Turkey)
82%
(Georgia), Russia, (Turkey), Ukraine
80%
(Cyprus), (Iraq), (Lebanon), (Syria), (Turkey)
80%
Finland, Russia
79%
Estonia, Finland, Russia, Sweden
78%
(Algeria), Italy, Spain, (Tunisia)
78%
Ireland, United Kingdom
77%
Russia
71%
Finland, Norway, Russia, Sweden
70%
United Kingdom
46%
No matching quizzes found
Score Distribution
Percent of People with Each Score
Percentile by Number Answered
Your Score History
You have not taken this quiz